000 00557cam a2200181 4500500
005 20260329002734.0
041 _afre
042 _adc
100 1 0 _aSchiffter, Frédéric
_eauthor
245 0 0 _aSchopenhauer et l’amour
260 _c2013.
500 _a14
690 _aAlain de Botton
690 _aFrédéric Schiffter
690 _aSchopenhauer
786 0 _nPhilosophie magazine | 71 | 7 | 2013-07-01 | p. 58-58 | 1951-1787
856 4 1 _uhttps://shs.cairn.info/magazine-philosophie-magazine-2013-7-page-58?lang=fr&redirect-ssocas=7080
999 _c1817922
_d1817922